000 01413nam a22003857a 4500
003 CHAP
005 20220329142158.0
008 000131d1989 mx r 00110 spa d
010 _a79623
011 _a80595
035 _a91046
040 _cCHAP
090 _aTesis
100 0 0 _aReyes Barrientos, Marcial.
_996746
245 1 0 _aUso de esquilmos agropecuarios para engordar toretes en la depresión central de Chiapas
_c/por Marcial Reyes Barrientos
260 _aChapingo, Méx. :
_bEl autor,
_c1989.
300 _a56 h. ;
_bcuadros
502 _aTesis (Ing. Agr. Esp. en Zootecnia) -- UACH. Departamento de Zootecnia
590 _aALEPH
_b10
_c20130110
_lUCH01
_h1432
590 _aBATCH-UPD
_b10
_c20130110
_lUCH01
_h0716
590 _aBATCH-UPD
_b10
_c20130410
_lUCH01
_h0401
590 _aBATCH-UPD
_b10
_c20130914
_lUCH01
_h1524
590 _aCONVERSION
_b10
_c20130109
_lUCH01
_h1344
650 1 4 _aGanado vacuno
_xAlimentación.
_945429
650 1 4 _aGanado vacuno
_xChiapas.
_945442
650 1 4 _aGanado vacuno
_xEngorda.
_945461
650 1 4 _aProductos agrícolas
_xSubproductos.
_992033
650 1 4 _aProductos pecuarios
_xSubproductos.
_992199
901 _aBK
905 _aAlejandra Carrasco M.
942 _cFOLL
949 _bBC
_cTES
_d33724000727756
_eTS2
_fc.2
_h34498
_i91046
_sb
949 _bBC
_cTES
_d33724000768115
_eTS2
_fc.3
_h35442
_i91046
_sb
949 _bBC
_cTES
_d910461
_eTS1
_h34497
_i91046
_sb
999 _c79623
_d79623